000 00458nam a2200169Ia 4500
008 220803s9999 xx 000 0 und d
020 _a9781941806456
041 _aeng
082 _a712
100 _aKaufer A.
_926870
245 _aLandscape SubStance : Landscape Architecture And Regional Planning.
260 _aChina
_bGoff G.
_c2014
300 _a122p
500 _a35
650 _aLandscape Architecture
_926871
700 _aGruberg D Hoch C
_926872
999 _c17123
_d17123